| 000 | 01266nam0a2200337 4500 | ||
|---|---|---|---|
| 001 | RU\NLR\BIBL_A\011880450 | ||
| 005 | 20260319110945.0 | ||
| 010 | _a978-5-353-09055-7 | ||
| 021 |
_aRU _bКН-П-18-086623 _9КН-П-18-6285 |
||
| 035 | _a(NLR Aleph) 011880450 | ||
| 090 |
_a12246488 _c12246488 |
||
| 100 | _a20181204d2019 u y0rusy50 ca | ||
| 101 | 0 | _arus | |
| 102 | _aRU | ||
| 105 | _aa|||zzzz000ay | ||
| 200 | 1 |
_aЭрхегорд _iЗабытые руины _e[роман] _fЕвгений Рудашевский |
|
| 210 |
_aМосква _cРосмэн _d2019 [т.е. 2018] |
||
| 215 |
_a427, [2] с. _cил. _d21 |
||
| 225 | 1 |
_aСерия "Эрхегорд" _vкн. 3 |
|
| 225 | 1 | _aIn angello cum libello | |
| 300 | _aЗагл. в вып. дан. и макете: Забытые руины | ||
| 300 | _aКн. фактически издана в 2018 г. | ||
| 333 | _aДля среднего школьного возраста | ||
| 686 | 0 | _aШ9(2)62=Р7-4 | |
| 700 | 1 |
_7ca _8rus _aРудашевский _bЕ. В. _f1987- _gЕвгений Всеволодович _92701213 _3RU\NLR\AUTH\770291193 |
|
| 942 | _cBOOK | ||
| 980 | _aNBR | ||
| 980 | _aNB | ||